000 00685cam a2200229 4500
008 000000n2000 000 0 eng u
020 _a1860813941
035 _a(Sirsi) u107932
041 _aeng
050 _a624.15
110 _aBuilding Research Establishment
245 _aSimple foundations for low-rise housing: site investigation
260 _aLondon
_bCRC Ltd
_c2000
300 _a6p. : ill. ; 30cm.
350 _a0
490 _aGood Building Guide
_v39 Part 1
650 _aBUILT ENVIRONMENT-BUILDING ELEMENTS-COMPLETE BUILDING ELEMENTS-FOUNDATIONS
650 _aLOW-RISE HOUSING
650 _aSITE INVESTIGATION
690 _aBUILT ENVIRONMENT
942 _n0
999 _c100742
_d100742